| 000 | 00615nam a2200217Ia 4500 | ||
|---|---|---|---|
| 003 | GCL | ||
| 008 | 140319s9999 xx 000 0 eng d | ||
| 040 |
_aGCL / _cGCL |
||
| 082 | 0 | 4 |
_a005.43 _bB D |
| 100 | 1 | _aBRADLEY, JULIA CASE | |
| 245 | 1 | 0 |
_aDESKTOP PUBLISHING USING PAGEMAKER 5.0:WINDOWS VERSION / _cBRADLEY, JULIA CASE |
| 700 | 1 | _aFLOYD, JONNE | |
| 700 | 1 | _aRITTMAN, SANDRA | |
| 260 |
_a[S.N] : _bWM. C. BROWIN COMMUNICATIONS, INC ، _c1994 |
||
| 300 | _a563 P P | ||
| 650 | 0 | 4 | _aDESKTOP PUBLISHING |
| 650 | 0 | 4 | _aWINDOWS |
| 650 | 0 | 4 | _aCOMPUTER - PROGRAMMERS |
| 650 | 0 | 4 | _aPAGEMAKER |
| 942 |
_2ddc _cBK |
||
| 999 |
_c17116 _d17116 |
||